000 00438nam a22001817a 4500
005 20260529154643.0
008 260529b |||||||| |||| 00| 0 eng d
020 _a9789387604841
_c430.00
040 _aMAIN
041 _aEnglish
082 _a361.0076
_bNAG
100 _aNagar, Avnish
_926941
245 _aNTA-UGC-NET
_b: Social Work
260 _aNew Delhi
_bRamesh
300 _a355
650 _aCompetitive Books
942 _cBK
999 _c60921
_d60921